Stadi de LaLiga - Statistics

Statistiche generali
  • Questo quiz è stato fatto 30 volte
  • Il punteggio medio è 8 su 20
Statistiche sulle risposte
Squadra Capienza Stadio % Corretto
Atletico Madrid 70.460 Riyadh Air Metropolitano/Civitas Metropolitano
100%
Real Madrid 84.744 Santiago Bernabeu
100%
Atletic Bilbao 53.289 San Mames
74%
Villareal 23.500 Estadio de la Ceramica
67%
Valencia 49.430 Mestalla
67%
Siviglia 43.883 Ramon Sanchez Pizjuan
63%
Real Betis 60.721 Benito Villamarin
52%
Rayo Vallecano 14.708 Estadio de Vallecas
37%
Las Palmas 32.400 Gran Canaria
33%
Barcellona 54.367 Olimpic Lluis Companys
33%
Espanyol 40.500 RCDE Stadium
26%
Getafe 17.393 Coliseum Alfonso Perez
22%
Girona 13.500 Estadi Montilivi
19%
Real Valladolid 28.023 Jose Zorrilla
19%
Celta Vigo 25.000 Municipal de Balaidos
19%
Real Sociedad 39.500 Reale Arena
19%
Mallorca 23.000 Estadi de Son Moix
15%
Osasuna 23.576 Estadio El Sadar
15%
Leganes 12.454 Estadio Municipal de Butarque
15%
Dep. Alaves 19.840 Estadio de Mendizorroza
4%
Nessun quiz corrispondente trovato
Distribuzione punteggi
Percentuale di utenti per punteggio
Percentile per numero di risposta
I tuoi punteggi nel tempo
Non hai fatto questo quiz